000 00563nam a2200193Ia 4500
003 GCL
008 140319s9999 xx 000 0 ara d
040 _aGCL /
_cGCL
082 0 4 _a330.1
_bا ع
100 1 _aادوين مانسفيلد
245 1 0 _aعلم الاقتصاد /
_cادوين مانسفيلد
700 1 _aناريمان بيرافيتش
260 _a[S.N] :
_bمركز الكتب الاردنى ،
_c1988
300 _a785 ص
490 _a
650 0 4 _aالاقتصاد
650 0 4 _aالتخطيط الاقتصادى
942 _2ddc
_cBK
999 _c54364
_d54364